000 00490nam a2200193Ia 4500
005 20240823062229.0
008 240823s9999||||xx |||||||||||||| ||und||
020 _a81-8209-075-X
041 _aENGLISH
082 _A628 P5
100 _aRaman Sivakumar
245 0 _aEnvironmental Science and Engineering
250 _a1st
260 _c2005
_bVijay Nicole Imprints Private Li
500 _aTRANSFERED
650 _aEnvironmental Science
_bPhysics
942 _cBK
999 _c235391
_d235391